01869nam a2200481 i 450000100060000000300080000600500170001400600190003100700150005000800410006502000180010602000270012403500230015103500240017403500250019803500210022304000310024405000210027508000080029608200120030424501800031626400440049630000410054033600310058133700330061233800430064549000250068858801250071359001590083860000630099765000140106065000150107465100200108965100140110965500270112370000410115070000360119170000360122779700190126383000260128285600620130899900170137035553FlNmELB20241216221339.0m o d | cr cnu||||||||170310s2012 sp o 000 0 spa d z9788415147398 a9788416621613 (e book) a(MiAaPQ)EBC4794925 a(Au-PeEL)EBL4794925 a(CaPaEBR)ebr11335555 a(OCoLC)992094784 aFINmELBbspaerdacFINmELB 4aB821bM5878 2012 a0080 a14422303aLa metamorfosis de un inquisidor :bel humanista Diego López de Cortegana (1455-1524) /cFrancisco J. Escobar Borrego, Samuel Díez Reboso, Luis Rivero García (editores). 1aHuelva :bUniversidad de Huelva,c2012. a1 recurso en línea (339 páginas) atextobtxt2rdacontent/spa acomputadorabc2rdamedia/spa arecurso en líneabcr2rdacarrier/spa1 aArias Montano ;v110 aDescripción basada en recurso en línea; Título de la página del título en PDF (e-libro, visto March 10, 2017). aRecurso electronico. Santa Fe, Arg. : e-libro, 2016. Disponible via World Wide Web. El acceso puede ser limitado para las bibliotecas afiliadas a e-libro.10aLópez de Cortegana, DiegoxCriticism and interpretation. 0aHumanism. 4aHumanismo. 0aSeville (Spain) 4aEspaña. 4aLibros electrónicos.1 aEscobar Borrego, Francisco,eeditor.1 aDíez Reboso, Samuel,eeditor.1 aRivero García, Luis,eeditor.2 ae-libro, Corp. 0aArias Montano ;v110.40uhttps://elibro.net/ereader/politecnicointernacional/44487 c35553d35553